Planning for the digital age (Record no. 117188)

MARC details
000 -LEADER
fixed length control field 00976cam a2200229 4500
001 - CONTROL NUMBER
control field WB4014-14
008 - FIXED-LENGTH DATA ELEMENTS--GENERAL INFORMATION
fixed length control field 040408n2004 000 0 eng u
035 ## - SYSTEM CONTROL NUMBER
System control number (Sirsi) u125803
245 ## - TITLE STATEMENT
Title Planning for the digital age
260 ## - PUBLICATION, DISTRIBUTION, ETC.
Date of publication, distribution, etc. 2004
490 ## - SERIES STATEMENT
Series statement Scottish Executive News Release
Volume/sequential designation (Sec439/2004) 8 April 2004 (2)
520 ## - SUMMARY, ETC.
Summary, etc. A consultation is launched which considers deregulation of the planning control for satellite dishes which could allow households to install dishes without planning permission. At present if people need more than one dish they must apply for separate planning permission, which costs £110. For the Scottish Executive New Release: http://www.scotland.gov.uk/pages/news/2004/04/SEc4 39.aspx
590 ## - LOCAL NOTE (RLIN)
Local note WB
590 ## - LOCAL NOTE (RLIN)
Local note WB
650 ## - SUBJECT ADDED ENTRY--TOPICAL TERM
Topical term or geographic name entry element BROADBAND TECHNOLOGY
650 ## - SUBJECT ADDED ENTRY--TOPICAL TERM
Topical term or geographic name entry element SATELLITE DISHES
650 ## - SUBJECT ADDED ENTRY--TOPICAL TERM
Topical term or geographic name entry element DIGITAL TECHNOLOGY
650 ## - SUBJECT ADDED ENTRY--TOPICAL TERM
Topical term or geographic name entry element PLANNING CONTROLS
650 ## - SUBJECT ADDED ENTRY--TOPICAL TERM
Topical term or geographic name entry element HOUSEHOLDS
690 ## - LOCAL SUBJECT ADDED ENTRY--TOPICAL TERM (OCLC, RLIN)
Topical term or geographic name as entry element PLANNING-PLANNING LAW
942 ## - ADDED ENTRY ELEMENTS (KOHA)
Suppress in OPAC 0
Holdings
Withdrawn status Lost status Source of classification or shelving scheme Damaged status Not for loan Home library Current library Shelving location Date acquired Total Checkouts Full call number Barcode Date last seen Copy number Price effective from Koha item type
    Dewey Decimal Classification     London London News article 08/04/2004   WB4014-14 125803-1001 06/08/2019 1 06/08/2019 News article